Presidentes de Comunidades Autónomas: Islas Canarias - Estadísticas

Estadísticas generales
  • Esta prueba ha sido intentada 21 veces
  • La puntuación promedio es 7 de 16
Estadísticas de respuestas
Período Presidente % Correcto
2015-2019 Fernando Clavijo
94%
2023-Act. Fernando Clavijo
94%
2019-2023 Ángel Víctor Torres
88%
2007-2015 Paulino Rivero
50%
1983-1987 Jerónimo Saavedra
44%
1991-1993 Jerónimo Saavedra
44%
1987-1989 Fernando Fernández
38%
1999-2003 Román Rodríguez
31%
2003-2007 Adán Martín
25%
1978-1979 Alfonso Soriano
25%
1979-1980 Fernando Bergasa
25%
1981-1982 Fernando Bergasa
25%
1989-1991 Lorenzo Olarte
25%
1993-1999 Manuel Hermoso
25%
1980-1981 Vicente Álvarez
25%
1982-1983 Francisco Ucelay
19%
No se encontraron pruebas coincidentes
Distribución de puntuación
Porcentaje de gente con cada puntuación
Porcentaje por número respondido
Historial de tus puntuaciones
No has intentado esta prueba.